<?xml version="1.0" encoding="UTF-8"?>
<collection xmlns="http://www.loc.gov/MARC21/slim">
 <record>
  <leader>02090nam a22002777a 4500</leader>
  <controlfield tag="001">NCT_42726</controlfield>
  <controlfield tag="008">180616b        xxu||||| |||| 00| 0 vie d</controlfield>
  <datafield tag="999" ind1=" " ind2=" ">
   <subfield code="c">2048</subfield>
   <subfield code="d">2048</subfield>
  </datafield>
  <datafield tag="020" ind1=" " ind2=" ">
   <subfield code="a">9786045838815</subfield>
   <subfield code="c">88000</subfield>
  </datafield>
  <datafield tag="082" ind1="0" ind2="4">
   <subfield code="2">23rd ed.</subfield>
   <subfield code="a">158.1</subfield>
   <subfield code="b">C873</subfield>
  </datafield>
  <datafield tag="100" ind1="1" ind2=" ">
   <subfield code="a">Covey, Sean</subfield>
  </datafield>
  <datafield tag="245" ind1="1" ind2="0">
   <subfield code="a">7 thói quen của bạn trẻ thành đạt =</subfield>
   <subfield code="b">The 7 habits of highly effective teens</subfield>
   <subfield code="c">Sean Covey ; Vũ Thị Thu Nhi , Nguyễn Thành Nhân (dịch)</subfield>
  </datafield>
  <datafield tag="250" ind1=" " ind2=" ">
   <subfield code="a">First news</subfield>
  </datafield>
  <datafield tag="260" ind1=" " ind2=" ">
   <subfield code="a">TP.Hồ Chí Minh</subfield>
   <subfield code="b">Tổng hợp thành phố hồ chí minh</subfield>
   <subfield code="c">2017</subfield>
  </datafield>
  <datafield tag="300" ind1=" " ind2=" ">
   <subfield code="a">310 tr.</subfield>
   <subfield code="b">Minh họa</subfield>
   <subfield code="c">21 cm</subfield>
  </datafield>
  <datafield tag="520" ind1="3" ind2=" ">
   <subfield code="a">Cuốn sách được viết theo phong cách vui tươi, dí dỏm, ngắn gọn, dễ hiểu, được minh hoạ với nhiều mẫu chuyên thực tế và có ý nghĩa, những bài thơ thú vị, những hình ảnh minh hoạ sinh động... Chính vì vậy cuốn sách được bạn đọc đón chào khắp thế giới</subfield>
  </datafield>
  <datafield tag="653" ind1=" " ind2=" ">
   <subfield code="a">Quan hệ công chúng</subfield>
  </datafield>
  <datafield tag="700" ind1="1" ind2=" ">
   <subfield code="a">Vũ Thị Thu Nhi</subfield>
   <subfield code="e">Biên dịch</subfield>
  </datafield>
  <datafield tag="700" ind1="1" ind2=" ">
   <subfield code="a">Nguyễn Thành Nhân</subfield>
   <subfield code="e">Biên dịch</subfield>
  </datafield>
  <datafield tag="942" ind1=" " ind2=" ">
   <subfield code="2">ddc</subfield>
   <subfield code="c">BK</subfield>
  </datafield>
  <datafield tag="952" ind1=" " ind2=" ">
   <subfield code="0">0</subfield>
   <subfield code="1">0</subfield>
   <subfield code="2">ddc</subfield>
   <subfield code="4">0</subfield>
   <subfield code="6">158_100000000000000_C873</subfield>
   <subfield code="7">0</subfield>
   <subfield code="9">10992</subfield>
   <subfield code="a">000001</subfield>
   <subfield code="b">000001</subfield>
   <subfield code="d">2018-06-16</subfield>
   <subfield code="l">6</subfield>
   <subfield code="o">158.1 C873</subfield>
   <subfield code="p">MD.09251</subfield>
   <subfield code="q">2022-02-28</subfield>
   <subfield code="r">2022-02-14</subfield>
   <subfield code="s">2022-02-14</subfield>
   <subfield code="v">88000.00</subfield>
   <subfield code="w">2018-06-16</subfield>
   <subfield code="y">BK</subfield>
  </datafield>
  <datafield tag="952" ind1=" " ind2=" ">
   <subfield code="0">0</subfield>
   <subfield code="1">0</subfield>
   <subfield code="2">ddc</subfield>
   <subfield code="4">0</subfield>
   <subfield code="6">158_100000000000000_C873</subfield>
   <subfield code="7">0</subfield>
   <subfield code="9">10993</subfield>
   <subfield code="a">000001</subfield>
   <subfield code="b">000001</subfield>
   <subfield code="d">2018-06-16</subfield>
   <subfield code="l">3</subfield>
   <subfield code="m">1</subfield>
   <subfield code="o">158.1 C873</subfield>
   <subfield code="p">MD.09252</subfield>
   <subfield code="r">2021-05-07</subfield>
   <subfield code="s">2021-04-24</subfield>
   <subfield code="v">88000.00</subfield>
   <subfield code="w">2018-06-16</subfield>
   <subfield code="y">BK</subfield>
  </datafield>
  <datafield tag="952" ind1=" " ind2=" ">
   <subfield code="0">0</subfield>
   <subfield code="1">0</subfield>
   <subfield code="2">ddc</subfield>
   <subfield code="4">0</subfield>
   <subfield code="6">158_100000000000000_C873</subfield>
   <subfield code="7">0</subfield>
   <subfield code="9">10994</subfield>
   <subfield code="a">000001</subfield>
   <subfield code="b">000001</subfield>
   <subfield code="d">2018-06-16</subfield>
   <subfield code="l">2</subfield>
   <subfield code="o">158.1 C873</subfield>
   <subfield code="p">MD.09253</subfield>
   <subfield code="r">2020-10-06</subfield>
   <subfield code="s">2020-09-22</subfield>
   <subfield code="v">88000.00</subfield>
   <subfield code="w">2018-06-16</subfield>
   <subfield code="y">BK</subfield>
  </datafield>
  <datafield tag="952" ind1=" " ind2=" ">
   <subfield code="0">0</subfield>
   <subfield code="1">0</subfield>
   <subfield code="2">ddc</subfield>
   <subfield code="4">0</subfield>
   <subfield code="6">158_100000000000000_C873</subfield>
   <subfield code="7">0</subfield>
   <subfield code="9">10996</subfield>
   <subfield code="a">000001</subfield>
   <subfield code="b">000001</subfield>
   <subfield code="d">2018-06-16</subfield>
   <subfield code="l">1</subfield>
   <subfield code="o">158.1 C873</subfield>
   <subfield code="p">MD.09255</subfield>
   <subfield code="r">2021-05-03</subfield>
   <subfield code="s">2021-03-03</subfield>
   <subfield code="v">88000.00</subfield>
   <subfield code="w">2018-06-16</subfield>
   <subfield code="y">BK</subfield>
  </datafield>
  <datafield tag="952" ind1=" " ind2=" ">
   <subfield code="0">0</subfield>
   <subfield code="1">0</subfield>
   <subfield code="2">ddc</subfield>
   <subfield code="4">0</subfield>
   <subfield code="6">158_100000000000000_C873</subfield>
   <subfield code="7">0</subfield>
   <subfield code="9">11012</subfield>
   <subfield code="a">000001</subfield>
   <subfield code="b">000001</subfield>
   <subfield code="d">2018-06-16</subfield>
   <subfield code="l">2</subfield>
   <subfield code="o">158.1 C873</subfield>
   <subfield code="p">MD.09254</subfield>
   <subfield code="r">2018-08-04</subfield>
   <subfield code="s">2018-07-04</subfield>
   <subfield code="v">88000.00</subfield>
   <subfield code="w">2018-06-16</subfield>
   <subfield code="y">BK</subfield>
  </datafield>
  <datafield tag="980" ind1=" " ind2=" ">
   <subfield code="a">Thư viện Trường Đại học Nam Cần Thơ</subfield>
  </datafield>
 </record>
</collection>
